The monk who sold his ferrari: a fable about fulfilling your dreams and reaching your destiny (Record no. 201870)

MARC details
000 -LEADER
fixed length control field 00510nam a2200169Ia 4500
008 - FIXED-LENGTH DATA ELEMENTS--GENERAL INFORMATION
fixed length control field 231221s9999 xx 000 0 und d
020 ## - INTERNATIONAL STANDARD BOOK NUMBER
International Standard Book Number 9790000000000
041 ## - LANGUAGE CODE
Language code of text/sound track or separate title English
082 ## - DEWEY DECIMAL CLASSIFICATION NUMBER
Classification number 808.83 SHA;1 R
100 ## - MAIN ENTRY--PERSONAL NAME
Personal name Sharma, Robin S.
245 #4 - TITLE STATEMENT
Title The monk who sold his ferrari: a fable about fulfilling your dreams and reaching your destiny
260 ## - PUBLICATION, DISTRIBUTION, ETC.
Date of publication, distribution, etc. 2007
Name of publisher, distributor, etc. Jaico
Place of publication, distribution, etc. Mumbai
300 ## - PHYSICAL DESCRIPTION
Extent 198
300 ## - PHYSICAL DESCRIPTION
Dimensions CD3455
650 ## - SUBJECT ADDED ENTRY--TOPICAL TERM
Topical term or geographic name entry element Monk,sold,his,ferrari,:,fable,fulfilling,dreams,destiny
942 ## - ADDED ENTRY ELEMENTS (KOHA)
Koha item type Business Management Library
Holdings
Date last seen Total checkouts Full call number Accession number Cost, total (INR) price Price effective from Category Lost status Damaged status Department Withdrawn status Home library Current library Shelving location Entry date Vendor Cost, normal purchase price Grants Billnumber Billdate Currency symbol Conversion rate Discount Old discount Date last checked out
26/01/2024   808.83 SHA;1 R BM794 188.00 26/01/2024 Business Management Library     Central Library   Central Library Central Library Central Library   Mega Books 235.00 BM 6201 30/07/2009 RS 1 47 20  
14/02/2025 1 808.83 SHA;2 R1 BM795 188.00 26/01/2024 Business Management Library     Central Library   Central Library Central Library Central Library   Mega Books 235.00 BM 6201 30/07/2009 RS 1 47 20 02/04/2024
26/01/2024   808.83 SHA; CD3455   26/01/2024 Compact Disks         Central Library Central Library     Mega Books   BM 6201 16/11/2009 RS 1   20  
26/01/2024   808.83 SHA; CD3456   26/01/2024 Compact Disks         Central Library Central Library     Mega Books   BM 6201 16/11/2009 RS 1   20  

© For any Suggestions or Query, please contact the library staff @ librarian@pes.edu or Phone: +9180 2672 1983/ 2108.